LIBRARY & INFORMATION CENTRE, KCAET, TAVANUR

ONLINE PUBLIC ACCESS CATALOGUE (OPAC)

labortary manual on watershed management engineering (Record no. 12924)

MARC details
000 -LEADER
fixed length control field 00422cam a2200181ua 4500
041 ## - LANGUAGE CODE
Language code of text/sound track or separate title eng
100 ## - MAIN ENTRY--AUTHOR NAME
Personal name Singh, P.K .
245 ## - TITLE STATEMENT
Title labortary manual on watershed management engineering
260 ## - PUBLICATION, DISTRIBUTION, ETC. (IMPRINT)
Place of publication Udaipur :
Name of publisher Dept.SWC ,
Year of publication 2004.
300 ## - PHYSICAL DESCRIPTION
Number of Pages ; .
700 1# - ADDED ENTRY--PERSONAL NAME
Personal name Rajvir, singh .
942 ## - ADDED ENTRY ELEMENTS (KOHA)
Koha item type Books
Holdings
Withdrawn status Lost status Damaged status Home library Current library Shelving location Date acquired Full call number Accession Number Koha item type
      KAUAET KAUAET Reference 07/04/2012 628.16 SIN/LA 21053 Books
      KAUAET KAUAET Reference 07/04/2012 628.16 SIN/LA 21054 Books
      KAUAET KAUAET Reference 07/04/2012 628.16 SIN/LA 21055 Books
      KAUAET KAUAET Reference 07/04/2012 628.16 SIN/LA 21056 Books
free website counter